000 00454nam a22001817a 4500
003 MPLRDC
005 20220104182614.0
008 210129b ||||| |||| 00| 0 eng d
020 _a7-80142-699-1
082 _a763.5 PER
100 _aSTEPHEN PERN
245 _a西非假面舞者
_c高飞译
250 _a一版一刷
260 _a中国
_b华艺出版社
_c2005
300 _b
650 _a非洲史地--撒哈拉
942 _cBK
_o763.5 PER
999 _c62035
_d62025